Rákóczy útja. {Drumul lui Rákóczy}. [The Rákóczy's way]
Elmentve itt :
| Szerző: | |
|---|---|
| Adatforrás: | Meister |
| Forrásdokumentuma: | Helikon. - 2002. 10, 12-16. |
| Nyelv: | magyar |
| Kulcsszavak: | művelődéstörténet istoria culturii history of culture RAKOCZY Ferenc II. |
| LEADER | 00459nab a2200157 i 4500 | ||
|---|---|---|---|
| 001 | bibPRO00012878 | ||
| 008 | 080908s2002 xx hun | ||
| 040 | |a Sz1 | ||
| 041 | |a hun | ||
| 100 | 1 | |a SZABÓ Zoltán | |
| 245 | 1 | 0 | |a Rákóczy útja. {Drumul lui Rákóczy}. [The Rákóczy's way] |c SZABÓ Zoltán |
| 695 | |a művelődéstörténet | ||
| 695 | |a istoria culturii | ||
| 695 | |a history of culture | ||
| 695 | |a RAKOCZY Ferenc II. | ||
| 773 | 0 | |t Helikon. - |g 2002. 10, 12-16. | |